Cómo ser un buen jefe en 12 pasos /

Guardado en:
Autor Principal: Alles, Martha Alicia.
Formato: Libro
Idioma:Spanish
Publicado: Buenos Aires : Gránica, 2008.
Edición:1a. ed.
Materias:
Etiquetas: Agregar Etiqueta
Sin Etiquetas, Sea el primero en etiquetar este registro!
LEADER 00489nam a22001695a 4500
001 DER.der014525
008 191129s2008####ag############000#0#spa#d
005 20240826140706.0
245 1 0 |a Cómo ser un buen jefe en 12 pasos /  |c Martha Alles. 
250 |a 1a. ed. 
260 |a Buenos Aires :  |b Gránica,  |c 2008. 
300 |a 130 p. 
020 |a 9789506415457 
100 1 |a Alles, Martha Alicia. 
650 7 |a LIDERAZGO 
650 7 |a COMUNICACION EFICAZ 
859 |a DERECHO  |b BIB. DERECHO  |h 658.4092  |i ALL  |p 009806